Alkylácia aromátov alfa-olefínmi na desilikovaných mordenitoch

Na minha lista:
Detalhes bibliográficos
Autor principal: Hudá, Mária
Formato: Software Livro
Idioma:eslovaco
Publicado em: Bratislava STU FCHPT 2009
Acesso em linha:View in OPAC
Tags: Adicionar Tag
Sem tags, seja o primeiro a adicionar uma tag!

MARC

LEADER 00000nam a2200000 a 4500
005 20260127133952.0
007 co ugu
008 090709 2009 xo 000 0 slo d
035 |a vtls009626011 
039 9 |y 200907090943  |z mschk03 
040 |a STUSCHK1  |b slo  |c STUSCHK1  |e AACR2 
100 1 |a Hudá, Mária 
245 1 |a Alkylácia aromátov alfa-olefínmi na desilikovaných mordenitoch  |c Mária Hudá 
260 |a Bratislava  |b STU FCHPT  |c 2009 
300 |a 1 elektronický disk 
500 |a Obháj.: 8.6. 2009 
500 |a Zameranie: technológia palív a petrochémia 
500 |a Študijný odbor: 5.2.18 chemické technológie 
500 |a Miesto vypracovania: Oddelenie technológie ropy a petrochémie, FCHPT STU 
500 |a Diplomová práca na CD-ROMe 
910 |a SCHK95 
999 |c 1134  |d 1134